Catálogo público

Reporte final del curso : introducción a la agroindustria / (Record no. 176956)

MARC details
000 -CABECERA
campo de control de longitud fija 02608nam a2200577Ia 4500
001 - NÚMERO DE CONTROL
campo de control dia_5866
003 - IDENTIFICADOR DEL NÚMERO DE CONTROL
campo de control CHAP
005 - FECHA Y HORA DE LA ÚLTIMA TRANSACCIÓN
campo de control 20240426084105.0
007 - CAMPO FIJO DE DESCRIPCIÓN FÍSICA--INFORMACIÓN GENERAL
campo de control de longitud fija ta
008 - DATOS DE LONGITUD FIJA--INFORMACIÓN GENERAL
campo de control de longitud fija 220117s2015 mx abdof 001 0 spa d
040 ## - FUENTE DE LA CATALOGACIÓN
Centro catalogador/agencia de origen mxchpua
Centro/agencia transcriptor CHAP
090 ## - LOCALMENTE ASIGNADO TIPO-LC NÚMERO DE CLASIFICACIÓN (OCLC); NÚMERO DE CLASIFICACIÓN LOCAL (RLIN)
Número de clasificación (OCLC) (R) ; Numero de clasificación, CALL (RLIN) (NR) T.C.671
Número cutter local (OCLC) ; Número de libro/Signatura topográfica íntegra, CALL (RLIN) R36 IA
Año 2015
245 10 - MENCIÓN DE TÍTULO
Título Reporte final del curso : introducción a la agroindustria /
Mención de responsabilidad, etc. coordinador Marco Favio Ramírez Sepúlveda ; colaboradores Florentino Altamirano Sánchez...[y otros]
260 ## - PUBLICACIÓN, DISTRIBUCIÓN, ETC.
Lugar de publicación, distribución, etc. México :
Nombre del editor, distribuidor, etc. El autor,
Fecha de publicación, distribución, etc. 2015
300 ## - DESCRIPCIÓN FÍSICA
Extensión v, 209 hojas :
Otras características físicas ilustraciones, tablas, mapas, gráficas, fotos
336 ## - TIPO DE CONTENIDO
Fuente rdacontent
Término de tipo de contenido texto
Código de tipo de contenido txt
337 ## - TIPO DE MEDIO
Fuente rdamedia
Nombre/término del tipo de medio no mediado
Código del tipo de medio n
338 ## - TIPO DE SOPORTE
Fuente rdacarrier
Nombre/término del tipo de soporte volumen
Código del tipo de soporte nc
500 ## - NOTA GENERAL
Nota general Grado: 4° año Grupo: 04<br/>Directorio: h. 170 - 173
502 ## - NOTA DE TESIS
Nota de tesis Viaje de estudios
Tipo de título (IA) --
Nombre de la institución que otorga el título UACh. Departamento de Ingeniería Agroindustrial,
Año de obtención del título 2015
504 ## - NOTA DE BIBLIOGRAFÍA, ETC.
Nota de bibliografía, etc. Bibliografía:
505 00 - NOTA DE CONTENIDO CON FORMATO
Título Empresas visitadas: --<br/>1.Quesería VAI (Productos Lácteos VAI) --<br/>2.Viñedos La Redonda --<br/>3.Fábrica de Quesos NEOLE --<br/>4.Corralejo --<br/>5.Grupo Modelo México --<br/>6.Rastro 3 Novillos --<br/>7.Barcel, S. de R. L. de C. V. --<br/>8.TYSON --<br/>9.Grupo Lala --<br/>10.Cervecería del Pacífico --<br/>11.Congeladora Oceánica --<br/>12.Café Luna --<br/>13.Grupo Agroindustrial Progreso --<br/>14.Nestlé --<br/>15.Fábrica de Quesos El Saucito --<br/>16.Lácteos Mojica --<br/>17.Quesos La tinaja --<br/>18.Forrajera El Grano del Valle
650 13 - PUNTO DE ACCESO ADICIONAL DE MATERIA--TÉRMINO DE MATERIA
Término de materia o nombre geográfico como elemento de entrada Fruta (alimentos)
9 (RLIN) 157059
650 13 - PUNTO DE ACCESO ADICIONAL DE MATERIA--TÉRMINO DE MATERIA
Término de materia o nombre geográfico como elemento de entrada Hortalizas
9 (RLIN) 150602
650 13 - PUNTO DE ACCESO ADICIONAL DE MATERIA--TÉRMINO DE MATERIA
Término de materia o nombre geográfico como elemento de entrada Industria azucarera
9 (RLIN) 57780
650 13 - PUNTO DE ACCESO ADICIONAL DE MATERIA--TÉRMINO DE MATERIA
Término de materia o nombre geográfico como elemento de entrada Industria cervecera
9 (RLIN) 57799
650 13 - PUNTO DE ACCESO ADICIONAL DE MATERIA--TÉRMINO DE MATERIA
Término de materia o nombre geográfico como elemento de entrada Industria del vino
9 (RLIN) 151418
650 13 - PUNTO DE ACCESO ADICIONAL DE MATERIA--TÉRMINO DE MATERIA
Término de materia o nombre geográfico como elemento de entrada Industria lechera
9 (RLIN) 57819
650 13 - PUNTO DE ACCESO ADICIONAL DE MATERIA--TÉRMINO DE MATERIA
Término de materia o nombre geográfico como elemento de entrada Industria alimentaria
9 (RLIN) 141176
650 13 - PUNTO DE ACCESO ADICIONAL DE MATERIA--TÉRMINO DE MATERIA
Término de materia o nombre geográfico como elemento de entrada Oleaginosas
9 (RLIN) 143465
650 ## - PUNTO DE ACCESO ADICIONAL DE MATERIA--TÉRMINO DE MATERIA
Término de materia o nombre geográfico como elemento de entrada Productos de granos
9 (RLIN) 148397
650 ## - PUNTO DE ACCESO ADICIONAL DE MATERIA--TÉRMINO DE MATERIA
Término de materia o nombre geográfico como elemento de entrada Productos del café
9 (RLIN) 150527
650 13 - PUNTO DE ACCESO ADICIONAL DE MATERIA--TÉRMINO DE MATERIA
Término de materia o nombre geográfico como elemento de entrada Brewing industry
9 (RLIN) 151423
650 13 - PUNTO DE ACCESO ADICIONAL DE MATERIA--TÉRMINO DE MATERIA
Término de materia o nombre geográfico como elemento de entrada Coffee products
650 13 - PUNTO DE ACCESO ADICIONAL DE MATERIA--TÉRMINO DE MATERIA
Término de materia o nombre geográfico como elemento de entrada Dairy industry
9 (RLIN) 147068
650 13 - PUNTO DE ACCESO ADICIONAL DE MATERIA--TÉRMINO DE MATERIA
Término de materia o nombre geográfico como elemento de entrada Feed industry
9 (RLIN) 149936
650 13 - PUNTO DE ACCESO ADICIONAL DE MATERIA--TÉRMINO DE MATERIA
Término de materia o nombre geográfico como elemento de entrada Fruits (food)
9 (RLIN) 158619
650 13 - PUNTO DE ACCESO ADICIONAL DE MATERIA--TÉRMINO DE MATERIA
Término de materia o nombre geográfico como elemento de entrada Grain products
9 (RLIN) 148395
650 13 - PUNTO DE ACCESO ADICIONAL DE MATERIA--TÉRMINO DE MATERIA
Término de materia o nombre geográfico como elemento de entrada Oilseeds
9 (RLIN) 152851
650 13 - PUNTO DE ACCESO ADICIONAL DE MATERIA--TÉRMINO DE MATERIA
Término de materia o nombre geográfico como elemento de entrada Sugar industry
9 (RLIN) 151278
650 13 - PUNTO DE ACCESO ADICIONAL DE MATERIA--TÉRMINO DE MATERIA
Término de materia o nombre geográfico como elemento de entrada Wine industry
9 (RLIN) 151419
700 1# - PUNTO DE ACCESO ADICIONAL--NOMBRE DE PERSONA
Nombre de persona Ramírez Sepúlveda, Marco Favio
9 (RLIN) 150304
Término indicativo de función/relación coordinador
700 1# - PUNTO DE ACCESO ADICIONAL--NOMBRE DE PERSONA
Nombre de persona Altamirano Sánchez, Florentino
9 (RLIN) 159790
Término indicativo de función/relación colaborador
856 42 - LOCALIZACIÓN Y ACCESO ELECTRÓNICOS
Identificador Uniforme del Recurso <a href="http://10.13.5.2/ve/TC671IA/TC671IA2015-REPORTE.pdf">http://10.13.5.2/ve/TC671IA/TC671IA2015-REPORTE.pdf</a>
Texto de enlace DESCARGAR REPORTE
942 ## - ELEMENTOS DE PUNTO DE ACCESO ADICIONAL (KOHA)
Fuente del sistema de clasificación o colocación Clasificación Universidad Autónoma de Chapingo
901 ## - ELEMENTOS DE DATOS A LOCAL LDA (RLIN)
a T.C.671 R36 IA 2015
902 ## - ELEMENTOS DE DATOS B LOCAL, LDB (RLIN)
a M
905 ## - ELEMENTOS DE DATOS E LOCAL, LDE (RLIN)
a 5232272015 mx dml 8223123322spa16
942 ## - ELEMENTOS DE PUNTO DE ACCESO ADICIONAL (KOHA)
Tipo de ítem Koha Viaje de Estudios
Holdings
Estado de retiro Estado de pérdida Fuente del sistema de clasificación o colocación Estado dañado Restricciones de uso No para préstamo Código de colección Localización permanente Ubicación/localización actual Fecha de adquisición Fuente de adquisición Total de préstamos Signatura topográfica completa Código de barras Fecha visto por última vez Número de copia Precio válido a partir de Tipo de ítem Koha Ubicación en estantería
    Clasificación Universidad Autónoma de Chapingo   Préstamo interno   Viajes de Estudio Ingenieria Agroindustrial Ingenieria Agroindustrial 18/01/2022 El autor   T.C.671 R36 IA 2015 1106009048 18/01/2022 Ej.2 18/01/2022 CD  
    Clasificación Universidad Autónoma de Chapingo   Préstamo interno   Viajes de Estudio Ingenieria Agroindustrial Ingenieria Agroindustrial 18/01/2022 El autor   T.C.671 R36 IA 2015 1106009047 26/01/2026 Ej.1 18/01/2022 Viaje de Estudios  
    Clasificación Universidad Autónoma de Chapingo       Viajes de estudio - En línea Ingenieria Agroindustrial Ingenieria Agroindustrial 18/01/2022 El autor   T.C.671 R36 IA 2015 1206009047 26/04/2024   26/04/2024 Viajes de Estudio - En línea En línea